Norma Chilena Oficial NCh 1171-1. Of2001

Gardado en:
Detalles Bibliográficos
Corporate Authors: Instituto Nacional de Normalización (Author), INN (Author)
Formato: Libro
Idioma:Lingua castelá
Publicado: Santiago Instituto Nacional de Normalización 2001
Edición:1a. ed
Subjects:
Tags: Engadir etiqueta
Sen Etiquetas, Sexa o primeiro en etiquetar este rexistro!

MARC

LEADER 00000nam a2200000 a 4500
001 UCK5913
003 CL-VaPUC
008 050826e20010000CL |||||||||||||||||spa|d
082 0 4 |a 691.3  |b INS  |2 21 
110 2 |a Instituto Nacional de Normalización  |e author  |9 494983 
710 2 |a INN  |e author  |9 494984 
245 1 0 |a Norma Chilena Oficial NCh 1171-1. Of2001 
246 1 0 |a Hormigón - testigos de hormigón endurecido - parte 1: extracción y ensayo 
250 |a 1a. ed 
300 |a 15 p 
942 |c BK 
945 |d 20050826 00:00:00  |a jcarroza 
260 |a Santiago  |b Instituto Nacional de Normalización  |c 2001 
650 0 |a Materiales de construcción  |9 260197 
650 0 |a Hormigones  |9 262546 
650 0 |a Muestreo  |9 270457 
650 0 |a Normalización  |9 262666 
583 |a last modification  |c 20160921 10:28:11  |k Rodrigo Vera 
999 |c 314365  |d 314363